Statistics for Third-Largest Cities Over 1M

Click here to take the quiz!

General Stats

  • This quiz has been taken 157 times
    (63 since last reset)
  • The average score is 21 of 35

Answer Stats

PopulationFirst LetterAnswer% Correct
20,000,000BBeijing
100%
17,000,000KKolkata
93%
9,650,000CChicago
91%
3,075,000MManchester
89%
10,500,000NNagoya
86%
1,870,000VValencia
82%
2,025,000VValencia
82%
5,050,000BBelo Horizonte
79%
3,500,000RRome
77%
2,900,000VVancouver
75%
3,475,000DDurban
73%
3,050,000IIzmir
73%
2,900,000CCali
71%
5,550,000GGuadalajara
71%
1,680,000MMarseille
70%
4,750,000BBerlin
68%
3,725,000AAbuja
64%
3,225,000BBrisbane
64%
6,150,000SSurabaya
64%
3,250,000I OR MIsfahan OR Mashhad
54%
1,730,000NNizhny Novgorod
52%
1,380,000RRosario
50%
2,725,000DDaegu
48%
3,750,000FFaisalabad
45%
1,290,000FFes
45%
1,440,000DDonetsk
39%
1,210,000DDa Nang
38%
1,430,000MMosul
38%
1,600,000DDavao
36%
2,175,000MMbuji-Mayi
36%
2,575,000DDammam
34%
2,425,000TTaichung
25%
1,220,000KKhulna
18%
1,360,000CCochabamba
14%
1,070,000SShymkent
7%

Score Distribution

Percentile by Number Answered

Percent of People with Each Score

Your Score History

You have not taken this quiz since the last reset